000 00621nam a2200229Ia 4500
003 GCL
008 140319s9999 xx 000 0 ara d
040 _aGCL /
_cGCL
082 0 4 _a616.546
_bع ج
100 1 _aعبدالحميد عبدالعزيز
245 1 0 _aجمال شعرك /
_cعبدالحميد عبدالعزيز
260 _a[S.N] :
_bدار الفكر العربى ،
_c1990
300 _a171 ص
490 _a
650 0 4 _aتصفيف
650 0 4 _aامراض
650 0 4 _aالشعر
650 0 4 _aزرع
650 0 4 _aالقصص
650 0 4 _aالرعاية والعلاج
942 _2ddc
_cBK
999 _c39746
_d39746